Statistics for Cities in "The Last of Us" by Picture

Click here to take the quiz!

General Stats

  • This quiz has been taken 145 times
  • The average score is 4 of 7

Answer Stats

Answer% Correct
Boston, MA
83%
Jackson, WY
74%
Seattle, WA
69%
Salt Lake City, UT
68%
Austin, TX
51%
Santa Barbara, CA
44%
Pittsburgh, PA
38%

Score Distribution

Percentile by Number Answered

Percent of People with Each Score

Your Score History

You have not taken this quiz